<?xml version="1.0" encoding="UTF-8"?><?xml-stylesheet type="text/xsl" href="static/style.xsl"?><OAI-PMH xmlns="http://www.openarchives.org/OAI/2.0/" xmlns:xsi="http://www.w3.org/2001/XMLSchema-instance" xsi:schemaLocation="http://www.openarchives.org/OAI/2.0/ http://www.openarchives.org/OAI/2.0/OAI-PMH.xsd"><responseDate>2026-04-13T18:05:53Z</responseDate><request verb="GetRecord" identifier="oai:www.recercat.cat:10459.1/465861" metadataPrefix="marc">https://recercat.cat/oai/request</request><GetRecord><record><header><identifier>oai:recercat.cat:10459.1/465861</identifier><datestamp>2025-09-15T18:51:21Z</datestamp><setSpec>com_2072_3622</setSpec><setSpec>col_2072_479130</setSpec></header><metadata><record xmlns="http://www.loc.gov/MARC21/slim" xmlns:dcterms="http://purl.org/dc/terms/" xmlns:xsi="http://www.w3.org/2001/XMLSchema-instance" xmlns:doc="http://www.lyncode.com/xoai" xsi:schemaLocation="http://www.loc.gov/MARC21/slim http://www.loc.gov/standards/marcxml/schema/MARC21slim.xsd">
   <leader>00925njm 22002777a 4500</leader>
   <datafield ind2=" " ind1=" " tag="042">
      <subfield code="a">dc</subfield>
   </datafield>
   <datafield ind2=" " ind1=" " tag="720">
      <subfield code="a">Arco Bravo, Isabel del</subfield>
      <subfield code="e">author</subfield>
   </datafield>
   <datafield ind2=" " ind1=" " tag="720">
      <subfield code="a">Muñoz Gimeno, Mercè</subfield>
      <subfield code="e">author</subfield>
   </datafield>
   <datafield ind2=" " ind1=" " tag="260">
      <subfield code="c">2024</subfield>
   </datafield>
   <datafield ind2=" " ind1=" " tag="520">
      <subfield code="a">Objective. To develop a valid and reliable scale to measure entrepreneurship competences of nursing students, by assessing the level of development of diverse entrepreneurship dimensions.
Methods. An Entrepreneurship Measurement Instrument, Catalonia (IME.Cat) was constructed, by adapting two existing instruments, and a psychometric study was performed to address the validity of the content and the construct, and the reliability. The internal consistency and the discrimination capacity of the instrument’s items were examined.
Results. The IME.Cat scale showed a high reliability (α=0.89) for the complete set of items. The Cronbach’s α value of the individual dimensions were: Problem management=0.78; Creativity=0.76; Personal confidence =0.64; and Risk acceptance =0.46. The corrected homogeneity indices for each of the item in the instrument were high (>0.40). The Confirmatory Factorial Analysis validated the proposed structure of the items according to dimension.
Conclusion. The IME.Cat scale showed solid psychometric values for assessing the entrepreneurship competences of nursing students within its dimensions, which are fundamental for the professional development of nursing.</subfield>
   </datafield>
   <datafield ind2=" " ind1=" " tag="520">
      <subfield code="a">Objetivo. Desarrollar una escala válida y fiable para medir competencias emprendedoras para estudiantes de enfermería, evaluando el nivel de desarrollo en diversas dimensiones del emprendimiento. Métodos. Se construyó el Instrumento de Medición Emprendedora Cataluña (IME.Cat) adaptando dos instrumentos existentes y se llevó a cabo un estudio psicométrico que abordó la validez de contenido, de constructo y la fiabilidad. Se examinaron la consistencia interna y la capacidad de discriminación de los ítems del instrumento. Resultados. La escala IME.Cat mostró una alta fiabilidad (α=0.89) para el conjunto completo de 25 ítems. Los valores del α de Cronbach de las dimensiones individuales fueron: Manejo de problemas=0.78; Creatividad=0.76; Seguridad personal=0.64; y Aceptación del riesgo=0.46. Los índices de homogeneidad corregidos para cada ítem del instrumento fueron elevados
(>0.40). El Análisis Factorial Confirmatorio validó la estructura propuesta de ítems por dimensión. Conclusión. La escala IME.Cat mostró valores psicométricos sólidos para evaluar competencias emprendedoras en estudiantes de enfermería en sus dimensiones, las cuales son fundamentales en el desarrollo profesional de la enfermería.</subfield>
   </datafield>
   <datafield tag="653" ind2=" " ind1=" ">
      <subfield code="a">Entrepreneurship</subfield>
   </datafield>
   <datafield tag="653" ind2=" " ind1=" ">
      <subfield code="a">Validation study</subfield>
   </datafield>
   <datafield tag="653" ind2=" " ind1=" ">
      <subfield code="a">Psychometrics</subfield>
   </datafield>
   <datafield tag="653" ind2=" " ind1=" ">
      <subfield code="a">Competency-based education</subfield>
   </datafield>
   <datafield tag="653" ind2=" " ind1=" ">
      <subfield code="a">Students</subfield>
   </datafield>
   <datafield tag="653" ind2=" " ind1=" ">
      <subfield code="a">Nursing</subfield>
   </datafield>
   <datafield ind2="0" ind1="0" tag="245">
      <subfield code="a">Construction and validation of an Entrepreneurship Measurement Instrument for nursing students</subfield>
   </datafield>
   <datafield ind2="0" ind1="0" tag="245">
      <subfield code="a">Construcción y validación de un Instrumento de Medición Emprendedora para estudiantes de enfermería</subfield>
   </datafield>
</record></metadata></record></GetRecord></OAI-PMH>